[Event "SLO-chT2 West"]
[Site "Komenda"]
[Date "2022.11.20"]
[Round "4.2"]
[White "Novak, Robert"]
[Black "Krupenko, Peter"]
[Result "0-1"]
[WhiteElo "1689"]
[BlackElo "1932"]
[PlyCount "120"]
[EventDate "2022.11.19"]
[EventType "team-tourn"]
[EventRounds "7"]
[EventCountry "SLO"]
[SourceTitle "EXT 2024"]
[Source "ChessBase"]
[SourceDate "2023.10.10"]
[SourceVersion "1"]
[SourceVersionDate "2023.10.10"]
[SourceQuality "1"]
[WhiteTeam "Vrhnika II"]
[BlackTeam "Trzin"]
[WhiteTeamCountry "SLO"]
[BlackTeamCountry "SLO"]

1. d4 d5 2. c4 c6 3. Nf3 Nf6 4. Nc3 e6 5. Bg5 Be7 6. e3 Nbd7 7. Bd3 dxc4 8. Bxc4 b5 9. Bd3 Bb7 10. a3 0-0 11. 0-0 a6 12. b4 a5 13. Rb1 axb4 14. axb4 Nd5 15. Bxe7 Qxe7 16. Nxd5 exd5 17. Qc2 h6 18. Bf5 Nb6 19. Qc5 Qxc5 20. dxc5 Nc4 21. Rfd1 Bc8 22. Nd4 g6 23. Bc2 Ne5 24. Bb3 Bg4 25. f3 Bf5 26. Nxf5 gxf5 27. Ra1 Rfe8 28. Re1 Nd3 29. Reb1 Nxb4 30. Ba4 Nd3 31. Bc2 Rxa1 32. Rxa1 Nb4 33. Bxf5 Rxe3 34. Bd7 Re7 35. Bf5 Re5 36. g4 d4 37. Rd1 d3 38. Bxd3 Nxd3 39. Rxd3 Rxc5 40. h4 Rc2 41. Rb3 Kg7 42. Kf1 Kf6 43. Ke1 Ke5 44. Kd1 Rc4 45. Ke2 b4 46. Rb1 c5 47. Rh1 Rc2+ 48. Ke3 Rc3+ 49. Kd2 Rxf3 50. g5 h5 51. Re1+ Kd4 52. Re8 Rf2+ 53. Ke1 Rf4 54. Rf8 b3 55. Kd2 Rf2+ 56. Kd1 b2 57. Rb8 b1Q+ 58. Rxb1 Rf1+ 59. Kc2 Rxb1 60. Kxb1 Kc3 0-1

[Event "SLO-chT2 West"]
[Site "Komenda"]
[Date "2022.11.19"]
[Round "1.1"]
[White "Marchesich, Giovanni"]
[Black "Novak, Robert"]
[Result "1-0"]
[WhiteElo "2192"]
[BlackElo "1689"]
[PlyCount "93"]
[EventDate "2022.11.19"]
[EventType "team-tourn"]
[EventRounds "7"]
[EventCountry "SLO"]
[SourceTitle "EXT 2024"]
[Source "ChessBase"]
[SourceDate "2023.10.10"]
[SourceVersion "1"]
[SourceVersionDate "2023.10.10"]
[SourceQuality "1"]
[WhiteTeam "Piran"]
[BlackTeam "Vrhnika II"]
[WhiteTeamCountry "SLO"]
[BlackTeamCountry "SLO"]

1. e4 e5 2. Nf3 Nc6 3. Bb5 a6 4. Ba4 Nf6 5. 0-0 Be7 6. d3 b5 7. Bb3 0-0 8. Nc3 Bb7 9. Re1 d6 10. a3 Nb8 11. Ne2 Nbd7 12. Ng3 h6 13. Nf5 Re8 14. Nxe7+ Rxe7 15. Nh4 Nf8 16. Nf5 Re8 17. Qf3 Bc8 18. g4 Be6 19. h4 N8h7 20. Bd5 Ra7 21. Bc6 Nd7 22. Be3 Ra8 23. Bxa8 Qxa8 24. Kh2 Qd8 25. Qh3 d5 26. f3 Qf6 27. Rg1 g5 28. Kg2 Ndf8 29. hxg5 hxg5 30. Rh1 Bxf5 31. gxf5 d4 32. Bd2 c5 33. Qh6 Qxh6 34. Rxh6 f6 35. b4 Rc8 36. bxc5 Rxc5 37. Ra2 Kg7 38. Rh1 Nd7 39. Rc1 Nb6 40. c3 Na4 41. cxd4 exd4 42. Rac2 Re5 43. Rc7+ Kg8 44. Rc8+ Nf8 45. Bb4 Nb6 46. Rxf8+ Kg7 47. Rc7+ 1-0

[Event "Ljubljana-chT 73rd"]
[Site "Ljubljana"]
[Date "2020.01.23"]
[Round "2.2"]
[White "Konvalinka, Kostja"]
[Black "Novak, Robert"]
[Result "1/2-1/2"]
[WhiteElo "1693"]
[BlackElo "1669"]
[PlyCount "59"]
[EventDate "2020.01.16"]
[EventType "team-swiss"]
[EventRounds "6"]
[EventCountry "SLO"]
[SourceTitle "EXT 2024"]
[Source "ChessBase"]
[SourceDate "2023.10.10"]
[SourceVersion "1"]
[SourceVersionDate "2023.10.10"]
[SourceQuality "1"]
[WhiteTeam "Trzin Pekos Pub"]
[BlackTeam "Vrhnika Mladi"]
[WhiteTeamCountry "SLO"]
[BlackTeamCountry "SLO"]

1. e4 e5 2. Nf3 Nc6 3. Bc4 Bc5 4. c3 Nf6 5. d4 exd4 6. cxd4 Bb4+ 7. Nc3 Nxe4 8. 0-0 Bxc3 9. d5 Bf6 10. Re1 Ne7 11. Rxe4 d6 12. Bg5 Bxg5 13. Nxg5 0-0 14. Nxh7 Bf5 15. Rxe7 Qxe7 16. Nxf8 Rxf8 17. Bd3 Bxd3 18. Qxd3 Qe5 19. Qd2 Re8 20. Rc1 c6 21. dxc6 bxc6 22. f4 Qe4 23. Kf2 Rb8 24. b3 Rd8 25. Re1 Qf5 26. g3 Qb5 27. Re7 Qc5+ 28. Qe3 Qc2+ 29. Qe2 Qc5+ 30. Qe3 1/2-1/2

[Event "SLO-chT2 West"]
[Site "Komenda"]
[Date "2019.12.01"]
[Round "8.5"]
[White "Novak, Robert"]
[Black "Perme, Metod"]
[Result "1-0"]
[WhiteElo "1698"]
[BlackElo "1313"]
[PlyCount "77"]
[EventDate "2019.11.15"]
[EventType "team-tourn"]
[EventRounds "9"]
[EventCountry "SLO"]
[SourceTitle "EXT 2024"]
[Source "ChessBase"]
[SourceDate "2023.10.10"]
[SourceVersion "1"]
[SourceVersionDate "2023.10.10"]
[SourceQuality "1"]
[WhiteTeam "Vrhnika"]
[BlackTeam "Komenda SK"]
[WhiteTeamCountry "SLO"]
[BlackTeamCountry "SLO"]

1. d4 d5 2. c4 dxc4 3. e3 b5 4. a4 a6 5. axb5 Qd7 6. Bxc4 e6 7. Nc3 Bb4 8. Qb3 Qd6 9. Bd2 a5 10. Nf3 Nf6 11. 0-0 Bb7 12. Ne5 Nbd7 13. f4 Rg8 14. f5 Nf8 15. Rae1 g6 16. fxe6 fxe6 17. Rxf6 Qe7 18. Ref1 g5 19. Bxe6 Rg7 20. Rf7 Rxf7 21. Rxf7 Qd6 22. Bg4 h6 23. Bh5 Kd8 24. Be1 Ne6 25. Rd7+ Qxd7 26. Nxd7 Kxd7 27. Bg4 Re8 28. d5 c6 29. Bxe6+ Kd6 30. bxc6 Ba6 31. Bg3+ Kc5 32. Ne4+ Kb6 33. Nf6 Rf8 34. Nd7+ Ka7 35. Nxf8 Bxf8 36. Bb8+ Ka8 37. Qb6 Bc5 38. Qxa6+ Ba7 39. Qxa7# 1-0

[Event "SLO-chT2 West"]
[Site "Komenda"]
[Date "2019.11.15"]
[Round "1.4"]
[White "Sivcevic, Nusret"]
[Black "Novak, Robert"]
[Result "1-0"]
[WhiteElo "1748"]
[BlackElo "1698"]
[PlyCount "157"]
[EventDate "2019.11.15"]
[EventType "team-tourn"]
[EventRounds "9"]
[EventCountry "SLO"]
[SourceTitle "EXT 2024"]
[Source "ChessBase"]
[SourceDate "2023.10.10"]
[SourceVersion "1"]
[SourceVersionDate "2023.10.10"]
[SourceQuality "1"]
[WhiteTeam "Ljubljana SK"]
[BlackTeam "Vrhnika"]
[WhiteTeamCountry "SLO"]
[BlackTeamCountry "SLO"]

1. f4 e5 2. fxe5 d6 3. Nf3 dxe5 4. Nxe5 Bd6 5. Nf3 Bg4 6. g3 Nd7 7. Bg2 Ngf6 8. c3 Qe7 9. d3 c6 10. Qc2 Ne5 11. Bg5 Nxf3+ 12. Bxf3 Bxf3 13. Rf1 Bg4 14. e4 h6 15. Bxf6 gxf6 16. Qf2 f5 17. Kd2 Qg5+ 18. Kc2 Bh3 19. Re1 Kd7 20. e5 Be7 21. Nd2 Bg4 22. Nc4 Kc7 23. h4 Qg6 24. e6 Rhd8 25. Ne5 Qf6 26. Nxf7 Rd5 27. Re3 Bh5 28. Rae1 Bxf7 29. exf7 Bd6 30. Re8 Rd8 31. c4 Rd4 32. Rxd8 Kxd8 33. Re8+ Kc7 34. f8Q Bxf8 35. Rxf8 Rxc4+ 36. dxc4 Qxf8 37. Qxa7 Qg8 38. Qa5+ Kb8 39. Qe5+ Ka8 40. Kc3 h5 41. b4 Qf7 42. a4 Qf8 43. Kb3 Qg8 44. a5 Qg4 45. Qe8+ Ka7 46. Qe3+ Ka8 47. Qd3 Qg8 48. Qf3 Qf7 49. a6 Qd7 50. axb7+ Kxb7 51. b5 Qd2 52. bxc6+ Kb6 53. Qd5 Qe3+ 54. Ka4 Qc1 55. Qb5+ Kc7 56. Qb7+ Kd6 57. Qd7+ Kc5 58. Qxf5+ Kxc6 59. Qf6+ Kb7 60. Qf3+ Kc8 61. Qc6+ Kd8 62. Qb6+ Kc8 63. Qb3 Qa1+ 64. Kb5 Qe5+ 65. c5 Qb8+ 66. Kc4 Qe5 67. Qd3 Qe6+ 68. Kb4 Qg4+ 69. Ka5 Qe6 70. Qa6+ Qxa6+ 71. Kxa6 Kc7 72. Kb5 Kb7 73. Kc4 Kc6 74. Kd4 Kc7 75. Ke5 Kc6 76. Kf5 Kxc5 77. Kg5 Kd6 78. Kxh5 Ke6 79. Kg6 1-0

[Event "Ljubljana-chT 69th 2nd League"]
[Site "Ljubljana"]
[Date "2016.04.07"]
[Round "8.1"]
[White "Mihelic, Bojan"]
[Black "Novak, Robert"]
[Result "0-1"]
[WhiteElo "1732"]
[BlackElo "1666"]
[PlyCount "104"]
[EventDate "2016.01.14"]
[EventType "team-tourn"]
[EventRounds "10"]
[EventCountry "SLO"]
[SourceTitle "EXT 2022"]
[Source "ChessBase"]
[SourceDate "2021.10.06"]
[SourceVersion "1"]
[SourceVersionDate "2021.10.06"]
[SourceQuality "1"]
[WhiteTeam "Dom In Agencija Neprem"]
[BlackTeam "Vrhnika II"]
[WhiteTeamCountry "SLO"]
[BlackTeamCountry "SLO"]

1. b3 d5 2. Bb2 c5 3. e3 Nc6 4. Nf3 Nf6 5. Bb5 a6 6. Bxc6+ bxc6 7. 0-0 g6 8. Bxf6 exf6 9. d4 Bd6 10. h3 0-0 11. dxc5 Bxc5 12. Nd4 Qd6 13. Nd2 Bb6 14. N4f3 Re8 15. Nc4 Qc7 16. Nxb6 Qxb6 17. a4 a5 18. Re1 Qc5 19. Qd2 Ba6 20. Nd4 Rad8 21. c3 Rb8 22. Reb1 Qd6 23. Rb2 c5 24. Nb5 Qc6 25. c4 dxc4 26. bxc4 Bb7 27. f3 Ra8 28. Rab1 Red8 29. Qc3 Rd7 30. Rd2 Rad8 31. Rxd7 Qxd7 32. Qxa5 Qd3 33. Qc3 Qxb1+ 34. Kh2 Qd3 35. Qxf6 Rd7 36. Qe5 Rd8 37. Qxc5 h5 38. Qb6 Ba8 39. Nd4 Re8 40. c5 Qxe3 41. c6 Qf4+ 42. Kg1 Qg3 43. Nc2 Re2 44. Ne3 Qf2+ 45. Kh2 Qxe3 46. Qd8+ Qe8 47. c7 Bb7 48. Kg3 Kh7 49. h4 Qe5+ 50. Kh3 Qf5+ 51. Kg3 Rxg2+ 52. Kxg2 Qxf3+ 0-1

[Event "Ljubljana-chT 69th 2nd League"]
[Site "Ljubljana"]
[Date "2016.03.31"]
[Round "9.2"]
[White "Rozman, Monika"]
[Black "Novak, Robert"]
[Result "1-0"]
[WhiteElo "1973"]
[BlackElo "1666"]
[PlyCount "59"]
[EventDate "2016.01.14"]
[EventType "team-tourn"]
[EventRounds "10"]
[EventCountry "SLO"]
[SourceTitle "EXT 2022"]
[Source "ChessBase"]
[SourceDate "2021.10.06"]
[SourceVersion "1"]
[SourceVersionDate "2021.10.06"]
[SourceQuality "1"]
[WhiteTeam "Kranj Gimnazija"]
[BlackTeam "Vrhnika II"]
[WhiteTeamCountry "SLO"]
[BlackTeamCountry "SLO"]

1. e4 e5 2. Nf3 Nc6 3. Bc4 Bc5 4. c3 Nf6 5. d3 a5 6. 0-0 d6 7. Bb3 0-0 8. Re1 Be6 9. Bc2 Qd7 10. d4 exd4 11. cxd4 Bb4 12. d5 Bxe1 13. dxe6 Bxf2+ 14. Kxf2 fxe6 15. Nc3 Qf7 16. Kg1 Nb4 17. Bb3 d5 18. a3 d4 19. Nxd4 Nfd5 20. Bg5 Qf2+ 21. Kh1 Nxc3 22. bxc3 Na6 23. Nxe6 Kh8 24. Nxf8 Rxf8 25. Be7 Rb8 26. Ra2 Qe3 27. Rd2 h6 28. Rd8+ Rxd8 29. Qxd8+ Kh7 30. Qg8+ 1-0

[Event "SLO-chT Central 1st League 14th"]
[Site "Slovenia"]
[Date "2013.09.19"]
[Round "1.3"]
[White "Marn, Jan"]
[Black "Novak, Robert"]
[Result "0-1"]
[WhiteElo "1303"]
[BlackElo "1752"]
[PlyCount "70"]
[EventDate "2013.09.19"]
[EventType "team-swiss"]
[EventRounds "9"]
[EventCountry "SLO"]
[SourceTitle "EXT 2022"]
[Source "ChessBase"]
[SourceDate "2021.10.06"]
[SourceVersion "1"]
[SourceVersionDate "2021.10.06"]
[SourceQuality "1"]

1. e4 e5 2. Nf3 Nc6 3. Bc4 Bc5 4. 0-0 Nf6 5. d3 d5 6. exd5 Nxd5 7. Bg5 Qd6 8. Nbd2 Bf5 9. Bb5 f6 10. Bh4 0-0-0 11. Nc4 Qe6 12. Bxc6 Qxc6 13. Nfxe5 fxe5 14. Nxe5 Qe6 15. Bxd8 Rxd8 16. d4 Nf4 17. c3 Bd6 18. Re1 Qd5 19. f3 g5 20. c4 Qg8 21. Qa4 Kb8 22. Qb5 Bxe5 23. Rxe5 Bd7 24. Qb4 Nd3 25. Qe7 Nxe5 26. Qxe5 Qxc4 27. Qxg5 Qxd4+ 28. Kh1 Bc6 29. h3 Re8 30. Kh2 Qxb2 31. Re1 Rc8 32. Rd1 b6 33. Rd2 Qb5 34. Qg7 h5 35. Qe5 Qxe5+ 0-1

[Event "HUN-chT2 Charousek 1112"]
[Site "Hungary"]
[Date "2012.05.20"]
[Round "11"]
[White "Antok, Daniel"]
[Black "Novak, Robert"]
[Result "1/2-1/2"]
[WhiteElo "2227"]
[BlackElo "2151"]
[PlyCount "31"]
[EventDate "2011.09.25"]
[EventType "team-tourn"]
[EventRounds "11"]
[EventCountry "HUN"]
[SourceTitle "EXT 2013"]
[Source "ChessBase"]
[SourceDate "2012.11.22"]
[SourceVersion "1"]
[SourceVersionDate "2012.11.22"]
[SourceQuality "1"]
[WhiteTeam "BEAC"]
[BlackTeam "Balatonfuered"]
[WhiteTeamCountry "HUN"]
[BlackTeamCountry "HUN"]

1. e4 e6 2. d4 d5 3. Nc3 dxe4 4. Nxe4 Nd7 5. Nf3 Ngf6 6. Bd3 Be7 7. 0-0 0-0 8. c3 b6 9. Qe2 Bb7 10. Bf4 Nxe4 11. Bxe4 Bxe4 12. Qxe4 Nf6 13. Qc6 Bd6 14. Bg5 h6 15. Bh4 Qd7 16. Qxd7 1/2-1/2

[Event "HUN-chT2 Charousek 1112"]
[Site "Hungary"]
[Date "2012.03.25"]
[Round "8"]
[White "Novak, Robert"]
[Black "Bodi, Tibor"]
[Result "1-0"]
[WhiteElo "2151"]
[BlackElo "2101"]
[PlyCount "108"]
[EventDate "2011.09.25"]
[EventType "team-tourn"]
[EventRounds "11"]
[EventCountry "HUN"]
[SourceTitle "EXT 2013"]
[Source "ChessBase"]
[SourceDate "2012.11.22"]
[SourceVersion "1"]
[SourceVersionDate "2012.11.22"]
[SourceQuality "1"]
[WhiteTeam "Balatonfuered"]
[BlackTeam "Budapest MTK"]
[WhiteTeamCountry "HUN"]
[BlackTeamCountry "HUN"]

1. d4 c5 2. Nf3 Nf6 3. e3 d5 4. Be2 Nc6 5. 0-0 Bg4 6. b3 e6 7. Bb2 cxd4 8. Nxd4 Bxe2 9. Qxe2 Bd6 10. Nd2 0-0 11. c4 Nxd4 12. Bxd4 a6 13. cxd5 Nxd5 14. Rac1 Ba3 15. Rcd1 b5 16. Qg4 Nf6 17. Qg5 h6 18. Qg3 Nh5 19. Qf3 Qh4 20. Ne4 f5 21. Nc5 Bxc5 22. Bxc5 Rfe8 23. Rd7 Rac8 24. b4 Nf6 25. Ra7 Ne4 26. Bd4 Nf6 27. Qb7 Qg5 28. Qf7+ Kh8 29. f4 Qg4 30. Bxf6 Rg8 31. h3 Qg3 32. Qxe6 Rc2 33. Bxg7+ Rxg7 34. Qxh6+ Kg8 35. Rxg7+ Qxg7 36. Qxg7+ Kxg7 37. Rf2 Rc1+ 38. Kh2 Re1 39. Kg3 Rxe3+ 40. Rf3 Re4 41. a3 Kg6 42. Rd3 Kh5 43. Kf3 Rc4 44. g3 Rc6 45. g4+ Kh4 46. gxf5 Kxh3 47. Ke4+ Kg4 48. Ke5 Rc2 49. f6 Re2+ 50. Kd6 Kf5 51. f7 Re6+ 52. Kd7 Rf6 53. Ke8 Re6+ 54. Kf8 Kf6 1-0

[Event "HUN-chT2 Charousek 1112"]
[Site "Hungary"]
[Date "2012.01.29"]
[Round "5"]
[White "Novak, Robert"]
[Black "Jonas, Zsolt"]
[Result "0-1"]
[WhiteElo "2151"]
[BlackElo "2116"]
[PlyCount "86"]
[EventDate "2011.09.25"]
[EventType "team-tourn"]
[EventRounds "11"]
[EventCountry "HUN"]
[SourceTitle "EXT 2013"]
[Source "ChessBase"]
[SourceDate "2012.11.22"]
[SourceVersion "1"]
[SourceVersionDate "2012.11.22"]
[SourceQuality "1"]
[WhiteTeam "Balatonfuered"]
[BlackTeam "Veszprem"]
[WhiteTeamCountry "HUN"]
[BlackTeamCountry "HUN"]

1. d4 Nf6 2. c4 g6 3. Nf3 Bg7 4. g3 c5 5. Bg2 0-0 6. b3 d5 7. cxd5 Nxd5 8. Bb2 Nc6 9. 0-0 Ndb4 10. a3 Na6 11. e3 Bg4 12. Qc2 cxd4 13. Nxd4 Nxd4 14. exd4 Bf5 15. Qe2 Qd7 16. Nd2 Nc5 17. Qc4 Nd3 18. Ra2 Rac8 19. Qd5 Qxd5 20. Bxd5 Rc2 21. Nc4 b5 22. Ne3 Rxb2 23. Rxb2 Nxb2 24. Nxf5 gxf5 25. Bc6 Rb8 26. d5 Nd3 27. f4 Bb2 28. Rf3 Ne1 29. Rf1 Bd4+ 30. Kh1 Nc2 31. Rd1 Bf6 32. Bd7 Nd4 33. Rc1 Nxb3 34. Rc7 a5 35. Bxf5 Nd4 36. Bd3 b4 37. axb4 axb4 38. g4 h6 39. d6 exd6 40. Bc4 Ne6 41. Rd7 Rd8 42. Rb7 d5 43. Bb3 Bc3 0-1

[Event "Ljubljana-chT 65th 1st League"]
[Site "Ljubljana"]
[Date "2012.01.26"]
[Round "3.4"]
[White "Novak, Robert"]
[Black "Unuk, Laura"]
[Result "0-1"]
[WhiteElo "2151"]
[BlackElo "1845"]
[PlyCount "104"]
[EventDate "2012.01.12"]
[EventType "team-tourn"]
[EventRounds "9"]
[EventCountry "SLO"]
[SourceTitle "EXT 2022"]
[Source "ChessBase"]
[SourceDate "2021.10.06"]
[SourceVersion "1"]
[SourceVersionDate "2021.10.06"]
[SourceQuality "1"]
[WhiteTeam "Vrhnika"]
[BlackTeam "Komenda Gaber"]
[WhiteTeamCountry "SLO"]
[BlackTeamCountry "SLO"]

1. d4 g6 2. e4 Bg7 3. Be3 d6 4. Nf3 Nf6 5. Nc3 c6 6. Be2 0-0 7. 0-0 b5 8. a3 a6 9. Qd2 Nbd7 10. Rfe1 Bb7 11. Rad1 Qc7 12. Bh6 c5 13. Bf1 b4 14. axb4 cxb4 15. Nb1 Nxe4 16. Qe3 Ndf6 17. Bxg7 Kxg7 18. Qd3 a5 19. Nbd2 Nxd2 20. Nxd2 e6 21. Qc4 Rfc8 22. Qxc7 Rxc7 23. Bd3 Ba6 24. Bxa6 Rxa6 25. Rc1 Rac6 26. c3 bxc3 27. bxc3 Rxc3 28. Ra1 Ra7 29. h3 Nd5 30. Ra4 Nb6 31. Ra2 d5 32. Rb1 Nc4 33. Nf3 a4 34. Rb5 a3 35. Kh2 Ra6 36. Rb1 Rb6 37. Rxb6 Nxb6 38. Ne1 Nc4 39. Nc2 Rb3 40. Ra1 Rb2 41. Nxa3 Nxa3 42. Rxa3 Rxf2 43. Kg3 Rd2 44. Ra4 h5 45. h4 Kf6 46. Kf3 Kf5 47. g3 Rd3+ 48. Kf2 Kg4 49. Ra7 Rf3+ 50. Kg2 Rxg3+ 51. Kh2 Rf3 52. Kg2 Rf4 0-1